| 000 | 01333namaa22003611i 4500 | ||
|---|---|---|---|
| 003 | EG-GICUC | ||
| 005 | 20260122113255.0 | ||
| 008 | 260118s2010 ua ||||jr|||| 000 0 ara d | ||
| 017 |
_a2010 / 1186 _bدار الكتب والوثائق القومية (مصر) |
||
| 020 | _a9770714488 | ||
| 040 |
_aEG-GiCUC _bara _cEG-GiCUC _dEG-GiCUC _erda |
||
| 041 |
_aara _heng |
||
| 043 | _af-ua--- | ||
| 082 | 0 | 4 |
_221 _a501 _bE212 |
| 092 | 0 | 4 |
_221 _a501 _bE212 |
| 099 | _a501 E212 | ||
| 100 | 1 |
_a Eddington, Arthur Stanley : _d1882-1944. _eمؤلف. |
|
| 240 | 1 |
_a The nature of the physical world _lArabic |
|
| 245 | 1 | 2 |
_aالواقع أو الحقيقة / _cللسير آرثر ستانلى إدينجتون ؛ ترجمة رجائى عطية |
| 264 |
_aالقاهرة (مصر) : _bدار الهلال، _c2010. |
||
| 300 |
_a205 صفحة ؛ _c16 سم |
||
| 336 |
_2rdacontent _atext |
||
| 337 |
_2rdamedia _aUnmediated |
||
| 338 |
_2rdacarrier _avolume |
||
| 490 |
_aكتاب الهلال ؛ _vالعدد 720. |
||
| 504 | _aيشتمل على ارجاعات ببيوجرافية | ||
| 541 |
_aد. جابر عصفور ؛ _bالقاهرة ؛ _cإهداء ؛ _d2024. |
||
| 650 | 1 | 7 |
_aالعلوم _xفلسفة _2qrmak |
| 651 | 1 | _2qrmak | |
| 700 | 1 |
_aعطية، رجائى _eمترجم. |
|
| 905 | _aNermeen | ||
| 942 |
_2ddc _cBK _e21 _n0 |
||
| 999 |
_c177800 _d177800 |
||